000 00493nam a22001577a 4500
003 OSt
005 20221214133418.0
008 220915b |||||||| |||| 00| 0 eng d
040 _cBiblioteca Lado V
082 _a709.03
_bC397a
110 _9500
_aFundación Simon I. Patino
_eautor
245 _aArte Contemporáneo Boliviano/
_bUna Selección/
260 _aBolivia
_bFundación Simon I. Patino
_c2001
300 _a55p.
_c20x20cm
942 _2ddc
_c1
_h709.03
_iC397a
_n0
999 _c2737
_d2737